Sports Quiz

Random Sports Quiz

UK Horse Racing Venues Quiz Stats

 Plays Quiz not verified by Sporcle

Score 0/61 Timer 10:00
0 Plays Today
% Correct
Ascot
94.9%
Aintree
94.5%
Ayr
91%
Cheltenham
89.8%
York
87.4%
Newmarket
86.6%
Newcastle
85.9%
Doncaster
84.3%
Wolverhampton
83.3%
Kempton
82.9%
Newbury
82.5%
Epsom Downs
80.6%
Chepstow
78.8%
Exeter
78.8%
Sandown
77.8%
Bath
77%
Haydock
77%
Carlisle
76.4%
Brighton
75%
Lingfield
75%
Chester
74.7%
Great Yarmouth
74.1%
Redcar
73.1%
Ffos Las
72.7%
Goodwood
72.3%
Musselburgh
70.9%
Newton Abbot
70.9%
Nottingham
70.9%
Bangor on dee
70.7%
Leicester
70.5%
Fakenham
70.1%
% Correct
Wincanton
69.7%
Southwell
69.5%
Uttoxeter
69.4%
Kelso
69.2%
Market Rasen
69.2%
Perth
68.8%
Ripon
68.6%
Catterick
68%
Taunton
66.4%
Cartmel
66.2%
Huntingdon
64.4%
Warwick
64%
Beverley
63.7%
Windsor
63.5%
Worcester
63.3%
Hereford
62.9%
Ludlow
62.7%
Hamilton
62.5%
Pontefract
62.5%
Fontwell
61.3%
Plumpton
61.3%
Wetherby
61.3%
Salisbury
61.1%
Towcester
60.3%
Thirsk
59.3%
Hexham
58.7%
Folkestone
56.8%
Sedgefield
56.4%
Great Leighs
54.2%
Stratford-on-avon
52.1%

You're not logged in!

Compare scores with friends on all Sporcle quizzes.
OR
Log In

Show Comments

Extras

Created Oct 22, 2010ReportNominate
Tags:full, horse, racing, venue

Top Quizzes Today


Score Distribution

Your Account Isn't Verified!

In order to create a playlist on Sporcle, you need to verify the email address you used during registration. Go to your Sporcle Settings to finish the process.

Report this User

Report this user for behavior that violates our Community Guidelines.

Details: